000
00330nam a2200145Ia 4500
008
150301s2015 xx 000 0 und d
082
_a
612.015
_b
T10D
100
_a
T, DEVRSENA
245
_a
TEEHNIQWS IN BIOCHEMISTRY
250
_a
IST
260
_b
AHYA BOOK COMP
300
_a
192
650
_a
BIOCHEMISTRY
942
_2
ddc
_c
BK
999
_c
7066
_d
7066